|
|
|
|
| LEADER |
01986nam a22003733i 4500 |
| 001 |
EBC7101336 |
| 003 |
MiAaPQ |
| 005 |
20231204023228.0 |
| 006 |
m o d | |
| 007 |
cr cnu|||||||| |
| 008 |
231204s2022 xx o ||||0 ger d |
| 020 |
|
|
|a 9783428574148
|q (electronic bk.)
|
| 020 |
|
|
|z 9783428174140
|
| 035 |
|
|
|a (MiAaPQ)EBC7101336
|
| 035 |
|
|
|a (Au-PeEL)EBL7101336
|
| 035 |
|
|
|a (OCoLC)1347028078
|
| 040 |
|
|
|a MiAaPQ
|b eng
|e rda
|e pn
|c MiAaPQ
|d MiAaPQ
|
| 100 |
1 |
|
|a Bernays, Marie.
|
| 245 |
1 |
0 |
|a Auslese und Anpassung der Arbeiterschaft der geschlossenen Großindustrie. Dargestellt an den Verhältnissen der "Gladbacher Spinnerei und Weberei" A.-G. zu München-Gladbach im Rheinland. :
|b Untersuchungen über Auslese und Anpassung (Berufswahl und Berufsschicksal) der Arbeiter in den verschiedenen Zweigen der Großindustrie. Erster Band. (Schriften des Vereins für Socialpolitik 133).
|
| 250 |
|
|
|a 1st ed.
|
| 264 |
|
1 |
|a Berlin :
|b Duncker & Humblot,
|c 2022.
|
| 264 |
|
4 |
|c {copy}1910.
|
| 300 |
|
|
|a 1 online resource (440 pages)
|
| 336 |
|
|
|a text
|b txt
|2 rdacontent
|
| 337 |
|
|
|a computer
|b c
|2 rdamedia
|
| 338 |
|
|
|a online resource
|b cr
|2 rdacarrier
|
| 490 |
1 |
|
|a Duncker & Humblot reprints
|
| 588 |
|
|
|a Description based on publisher supplied metadata and other sources.
|
| 590 |
|
|
|a Electronic reproduction. Ann Arbor, Michigan : ProQuest Ebook Central, 2023. Available via World Wide Web. Access may be limited to ProQuest Ebook Central affiliated libraries.
|
| 655 |
|
4 |
|a Electronic books.
|
| 776 |
0 |
8 |
|i Print version:
|a Bernays, Marie
|t Auslese und Anpassung der Arbeiterschaft der geschlossenen Großindustrie. Dargestellt an den Verhältnissen der "Gladbacher Spinnerei und Weberei" A.-G. zu München-Gladbach im Rheinland.
|d Berlin : Duncker & Humblot,c2022
|z 9783428174140
|
| 797 |
2 |
|
|a ProQuest (Firm)
|
| 830 |
|
0 |
|a Duncker & Humblot reprints
|
| 856 |
4 |
0 |
|u https://ebookcentral.proquest.com/lib/matrademy/detail.action?docID=7101336
|z Click to View
|